| 000 | 00839nam a22002772a 4500 | ||
|---|---|---|---|
| 001 | 34050 | ||
| 003 | BD-RjUL | ||
| 005 | 20211209052111.0 | ||
| 008 | 140512s1969 nyu 001 0 eng u | ||
| 035 |
_a(BD-RjUL)34144 _aOCLC ocm00970986 from D960415M |
||
| 040 |
_aITD _dBD-RjUL _beng _cBD-RjUL |
||
| 041 | _aeng | ||
| 082 |
_a301.32 _bMAO 1969 |
||
| 100 | 1 |
_aMalthus, T. R. _912756 |
|
| 245 | 1 | 0 |
_aOn population : _bthree essays / _cThomas Malthus, Julian Huxley, Frederick Osborn. |
| 250 | _aIndian ed. | ||
| 260 |
_aNew Delhi : _bOxford & IBH Publishing, _c1969. |
||
| 300 |
_ax, 142 p. ; _c18 cm. |
||
| 504 | _aIncludes index. | ||
| 650 | 0 |
_aPopulation. _9103491 |
|
| 700 | 1 |
_aHuxley, Julian, _9103492 |
|
| 700 | 1 |
_aOsborn, Frederick, _d1889-1981 _9103493 |
|
| 942 |
_2ddc _cBK |
||
| 999 |
_c34050 _d34050 |
||